000 00471 a2200193 4500
001 17284
020 _a9788575263426
041 _apor
082 _aP Year 1 [E]
100 _aLeite, Márcia.
300 _a32 p.
697 _aLiteratura infantojuvenil.
856 _u000001/000001e0.jpg
040 _aBR-BrIDEA
_cBR-BrIDEA
090 _aP Year 2 028
_bLEI
245 1 0 _aA tartaruga e a boneca
_c Márcia Leite
260 _a[s.l.]
_bAutêntica
_c2008
942 _cBK
999 _c17284
_d17284